Normal view
MARC view
- The Institute of Contemporary China Studies
Entry Personal Name
001 - CONTROL NUMBER
- control field: 86516
003 - CONTROL NUMBER IDENTIFIER
- control field: NUST
005 - DATE AND TIME OF LATEST TRANSACTION
- control field: 20211213125821.0
008 - FIXED-LENGTH DATA ELEMENTS
- fixed length control field: 211213|| aca||aabn | a|a d
040 ## - CATALOGING SOURCE
- Original cataloging agency: NUST
- Transcribing agency: NUST
100 ## - HEADING--PERSONAL NAME
- Personal name: The Institute of Contemporary China Studies
670 ## - SOURCE DATA FOUND
- Source citation: Work cat.: (NUST): The Institute of Contemporary China Studies, A Concise history of the people's republic of China (1949-2019), 2019.
